| 000 | 00415nam a2200157 a 4500 | ||
|---|---|---|---|
| 005 | 20140310183147.0 | ||
| 008 | 020826s19uu xx 00 eng d | ||
| 050 |
_aPZ 7 _b.C951 1999 |
||
| 100 | _aCross, Caroline | ||
| 245 |
_aThe paternity factor / _cCaroline Cross. |
||
| 260 |
_aAustralia ; _bsilhoutte Books, _c1999. |
||
| 300 |
_a186 p. : _c17 cm. |
||
| 650 | _aFiction | ||
| 942 |
_cBK _2lcc |
||
| 999 |
_c19579 _d19579 |
||